000 00311nam a22001217a 4500
008 180131b xxu||||| |||| 00| 0 eng d
041 _aeng
080 _a611.085
100 _a9
101 _aSHM
245 _aHSTOLOGICAL TYPING OF TUMOURS OF THE CENTRAL NERVOUS SYSTEMS
_cZULCH.K.I
942 _2udc
_cBK
999 _c41375
_d41375